01944cam a22003255a 4500003000900000005001700009008004100026020002200067020001800089040004300107082002200150100006900172245006100241264005700302300004700359336002600406337002800432338002700460490004300487504005100530520072200581650005801303650004901361651001001410653002501420655002401445942001201469999001501481952012201496EG-ScBUE20220508102843.0180828s1996 enka f b 001 0 eng d a0582089077 (pbk.) a9780582089075 aEG-ScBUEbengerdacEG-ScBUEdEG-ScBUE04a418.0076bMCN2221 aMcNamara, T. F. q(Timothy Francis),d1949-eauthor.10aMeasuring second language performance /cT. F. McNamara. 1aHarlow, England ;bPearson Education Limited,c1996. axiii, 323 pages :billustrations ;c22 cm. 2rdacontentatextbtxt 2rdamediaaunmediatedbn 2rdacarrieravolumebnc0 aApplied linguistics and language study aIncludes bibliographical references and index. aPerformance assessment is increasingly important in education and training, with its focus on the ever growing requirement to demonstrate ability in practical communication skills. Yet many fundamental problems in performance based assessment still remain. This book provides a critical examination of the practice and theory behind performance based assessment in the context of second language learning. It also offers the first comprehensive presentation of a new measurement approach - Rasch Measurement, which enables investigation of aspects of performance setting (rater and task characteristics for example) to determine their effect on the scores awarded to candidates and to manage this variability fairly.  7aLanguage and languagesxAbility testing.2BUEsh99082 7aLanguage and languagesxExaminations.2BUEsh 2BUEsh bHHUUEENNcAugust2018 vReading book934232 2ddccBB c2632d2632 00102ddc40708unknownaMAINbMAINc2NDd2007-04-17ePurchasel0o418.0076 MCNp000001576r2024-06-11 00:00:00yBB